Les 10 villes de France les plus peuplées commençant par Y - Statistiques

Statistiques générales
  • Ce quiz a été pris 20 fois
  • Le résultat moyen est 2 sur 10
Statistiques - réponses
# Ville Population % Correct
1 Yerres 28.349
65%
4 Yvetot 11.548
35%
5 Yssingeaux 7.380
30%
3 Yzeure 12.670
25%
2 Yutz 17.497
15%
10 Yerville 2.658
5%
6 Yffinac 4.980
0%
7 Ytrac 4.316
0%
9 Yvrac 2.901
0%
8 Yvré-l'Evêque 4.187
0%
Aucun quiz correspondant
Distribution des résultats
% des personnes avec chaque résultat
Percentile par nombre de réponses
Votre historique - résultats
Vous n’avez pas pris ce quiz